Statistiques concernant Pays par volume d'exportation

Cliquez ici pour prendre le quiz!

Statistiques générales

  • Ce quiz a été pris 4,594 fois
    (2,134 depuis la dernière actualisation)
  • Le résultat moyen est 17 sur 20

Statistiques - réponses

Exportations Pays % Correct
$ 2 822 MrdChine
100%
$ 1 547 MrdEtats-Unis
100%
$ 523 MrdFrance
99%
$ 1 450 MrdAllemagne
97%
$ 698 MrdJapon
96%
$ 444 MrdRoyaume-Uni
95%
$ 320 MrdEspagne
95%
$ 359 MrdRussie
95%
$ 421 MrdCanada
94%
$ 503 MrdItalie
94%
$ 409 MrdMexique
92%
$ 229 MrdAustralie
88%
$ 573 MrdCorée du Sud
82%
$ 652 MrdPays-Bas
73%
$ 430 MrdBelgique
69%
$ 236 MrdThaïlande
63%
$ 318 MrdTaïwan
61%
$ 300 MrdSuisse
61%
$ 248 MrdViêt Nam
60%
$ 373 MrdSingapour
49%

Distribution des résultats

Percentile par nombre de réponses

% des personnes avec chaque résultat

Votre développement - résultats

Vous n’avez pas pris ce quiz depuis la dernière actualisation